| 000 | 00739pam a2200205 a 4500 | ||
|---|---|---|---|
| 020 | _a0750620242 : | ||
| 082 | 0 | 0 |
_a624.176 _bSMI _cL-93,P-90 |
| 100 | 1 |
_aSmith, P. D., _939969 |
|
| 245 | 1 | 0 |
_aBlast and ballistic loading of structures / _cP.D. Smith, J.G. Hetherington. |
| 260 |
_aOxford ; _aBoston : _bButterworth-Heinemann, _c1994. |
||
| 300 |
_ax, 320 p. : _bill. ; _c25 cm. |
||
| 526 |
_a0 _b0 _c0 _d624_176000000000000_SMI |
||
| 650 | 0 |
_aBlast effect. _942085 |
|
| 650 | 0 | _aStructural design. | |
| 650 | 0 |
_aStructural dynamics. _910008 |
|
| 700 | 1 |
_aHetherington, J. G. _942875 |
|
| 856 | 4 | 1 | _uhttp://www.loc.gov/catdir/toc/els051/94010813.html |
| 856 | 4 | 2 | _uhttp://www.loc.gov/catdir/description/els051/94010813.html |
| 942 |
_2ddc _cBK |
||
| 999 |
_c546692 _d546692 |
||